000 00230nam a2200097Ia 4500
005 20251222114346.0
008 251222s1900||||xx |||||||||||||| ||spa||
082 _aDVD0130/D39
245 0 _aDeawood: la primera temporada:
942 _cDVD
999 _c1030
_d1030